000
00319nam a22001457a 4500
008
221013b ||||| |||| 00| 0 eng d
020
_a
4215904046504
041
_a
eng
080
_2
THIRD EDITION
_a
611
082
_a
611
100
_a
10.2
101
_a
ANAT
245
_a
HUMAN ANATOMY
_c
GRAAFF K
942
_2
udc
_c
BK
999
_c
58539
_d
58539